[Event "Millionaire Chess Open 2014"]
[Site "Las Vegas USA"]
[Date "2014.10.11"]
[Round "5.4"]
[White "Kulaots, Kaido"]
[Black "Bu, Xiangzhi"]
[Result "0-1"]
[WhiteTitle "GM"]
[BlackTitle "GM"]
[WhiteElo "2564"]
[BlackElo "2710"]
[WhiteFideId "4500261"]
[BlackFideId "8601445"]
[EventDate "2014.10.09"]

1. e4 c5 2. Nf3 d6 3. d4 cxd4 4. Nxd4 Nf6 5. Nc3 a6 6. Be3 e5 7. Nb3 Be7 8. Be2
Be6 9. Nd5 Nbd7 10. Qd3 O-O 11. O-O Bxd5 12. exd5 Nc5 13. Nxc5 dxc5 14. Bf3 Bd6
15. Bg5 h6 16. Bh4 g6 17. Be2 Kg7 18. Qf3 Re8 19. Bxf6+ Qxf6 20. Qxf6+ Kxf6 21.
f3 Kg7 22. a4 e4 23. fxe4 Rxe4 24. Bd3 Rd4 25. b3 Re8 26. Rae1 Rxe1 27. Rxe1
Rxd5 28. Bc4 Rd2 29. Re2 Rd1+ 30. Kf2 b5 31. axb5 axb5 32. Bxb5 Bxh2 33. Re7
Rd2+ 34. Kf3 Bg1 35. Re1 Bd4 36. Re2 Rd1 37. Re7 Kf6 38. Rb7 Re1 39. Bc4 Re3+
40. Kg4 h5+ 41. Kh4 Re4+ 42. Kh3 Kg5 43. Rxf7 Be5 0-1

[Event "Millionaire Chess Open 2014"]
[Site "Las Vegas USA"]
[Date "2014.10.11"]
[Round "5.5"]
[White "Le, Quang Liem"]
[Black "Kaidanov, Gregory S"]
[Result "1/2-1/2"]
[WhiteTitle "GM"]
[BlackTitle "GM"]
[WhiteElo "2706"]
[BlackElo "2569"]
[WhiteFideId "12401137"]
[BlackFideId "2008564"]
[EventDate "2014.10.09"]

1. d4 d5 2. c4 e6 3. Nf3 Nf6 4. g3 dxc4 5. Bg2 c5 6. O-O Nc6 7. Ne5 Bd7 8. Na3
cxd4 9. Naxc4 Bc5 10. a3 a5 11. Bf4 O-O 12. Rc1 Nd5 13. Nxd7 Qxd7 14. Ne5 Nxe5
15. Bxe5 Qb5 16. Bxd5 exd5 17. Bxd4 Bxd4 18. Qxd4 Rfe8 19. e3 Rac8 20. a4 Qb3
21. Rxc8 Rxc8 22. Rd1 g6 23. Rd3 Qa2 24. Rd2 b6 25. Kg2 Qc4 26. Qxc4 dxc4 27.
Rc2 Rc5 28. Kf3 b5 29. axb5 Rxb5 30. Ke4 Kf8 31. Kd4 Rb4 32. Kc3 Ke7 33. Rd2 Ke6
34. Rd4 Rb3+ 35. Kc2 Rb4 36. g4 h6 37. h3 Kf6 38. Rd7 Ke6 39. Rd8 Kf6 40. Rh8
Kg7 41. Ra8 Rb5 42. Rc8 Rb4 43. Rc6 Kf8 44. Ra6 Rb5 45. Rf6 h5 46. Rf4 hxg4 47.
hxg4 Rb4 48. Re4 Kg7 49. Kc3 Rb3+ 50. Kc2 Rb4 51. Re5 a4 52. g5 Kf8 53. Re4 Kg7
54. Re8 Kh7 55. Rd8 Kg7 56. Rc8 Kh7 57. Rf8 Kg7 58. Rd8 Kh7 59. Rd1 Rb5 60. Rd4
Rb4 61. Rd8 Kg7 62. Ra8 Kh7 63. Kc3 Rb3+ 64. Kc2 Rb4 65. f3 Kg7 66. f4 Kh7 67.
Kc3 Rb3+ 68. Kxc4 Rxb2 69. Rxa4 Kg7 70. Kd4 Rf2 71. Ke5 Rf1 72. Kd6 Re1 73. Ra3
Rd1+ 74. Ke7 Rb1 75. Rd3 Rb6 76. Rd6 Rb7+ 77. Ke8 Rb8+ 78. Rd8 Rb3 79. Rd7 Rxe3+
80. Re7 Rxe7+ 81. Kxe7 Kg8 82. Kd7 Kf8 83. Kd8 Kg8 84. Ke8 Kg7 85. Ke7 Kg8 86.
Ke8 1/2-1/2

[Event "Millionaire Chess Open 2014"]
[Site "Las Vegas USA"]
[Date "2014.10.11"]
[Round "5.6"]
[White "Mamedov, Rauf"]
[Black "Stopa, Jacek"]
[Result "1/2-1/2"]
[WhiteTitle "GM"]
[BlackTitle "IM"]
[WhiteElo "2667"]
[BlackElo "2515"]
[WhiteFideId "13401653"]
[BlackFideId "1119591"]
[EventDate "2014.10.09"]

1. e4 e5 2. Nc3 Nf6 3. g3 Bb4 4. Bg2 O-O 5. Nge2 c6 6. d4 d5 7. O-O Nxe4 8. dxe5
Nxc3 9. bxc3 Bc5 10. Nd4 f6 11. Bf4 fxe5 12. Bxe5 Bd6 13. Bxd6 Qxd6 14. Re1 Nd7
15. c4 Nf6 16. cxd5 cxd5 17. Rb1 Rb8 18. Nb5 Qc5 19. Qd4 Qxd4 20. Nxd4 Bd7 21.
Re5 Bc6 22. Re3 Ne4 23. Ra3 Ra8 24. Bxe4 dxe4 25. Nxc6 bxc6 26. Ra6 Rad8 27.
Rxc6 Rd2 28. Rf1 h6 29. a4 Re2 30. Rc7 a5 31. Rc5 Rd8 32. c3 Rdd2 33. Rxa5 Ra2
34. Re5 Rxa4 35. Rb1 Raa2 36. Rb8+ Kh7 37. Rf8 Re1+ 38. Kg2 e3 39. Kh3 Rxf2 40.
Rxe3 Rxe3 41. Rxf2 Rxc3 1/2-1/2

[Event "Millionaire Chess Open 2014"]
[Site "Las Vegas USA"]
[Date "2014.10.11"]
[Round "5.7"]
[White "Akobian, Varuzhan"]
[Black "Brunello, Sabino"]
[Result "0-1"]
[WhiteTitle "GM"]
[BlackTitle "GM"]
[WhiteElo "2640"]
[BlackElo "2552"]
[WhiteFideId "13300580"]
[BlackFideId "813613"]
[EventDate "2014.10.09"]

1. d4 d5 2. c4 c6 3. Nf3 Nf6 4. cxd5 cxd5 5. Nc3 Nc6 6. Bf4 Ne4 7. e3 Nxc3 8.
bxc3 e6 9. Bd3 Bd6 10. O-O O-O 11. Re1 b6 12. Rc1 h6 13. Qe2 Ba3 14. Rc2 Bd7 15.
e4 Ne7 16. Qe3 f5 17. exf5 Nxf5 18. Qd2 Qf6 19. Be5 Qe7 20. Bxf5 exf5 21. Bf4
Qf6 22. Qd3 Rfc8 23. h4 Bf8 24. Re3 a6 25. Rc1 b5 26. Qd2 a5 27. Be5 Qd8 28. g3
b4 29. Qd3 Qb6 30. Ree1 Qb5 31. Qe3 Rxc3 32. Rxc3 bxc3 33. Rc1 Bb4 34. a3 Bxa3
35. Rxc3 Bf8 36. Rb3 Qa6 37. Bf4 a4 38. Rb1 a3 39. Ne5 a2 40. Ra1 Bb5 41. Qf3
Bc4 42. Bd2 Qc8 43. Kg2 Ra3 44. Qh5 Qe6 45. Qd1 Bd6 46. Bc1 Ra8 47. Bb2 Bxe5 48.
dxe5 f4 49. gxf4 Rb8 50. Bd4 Qf5 51. f3 Qxf4 52. e6 Re8 53. Bc3 Rxe6 0-1

[Event "Millionaire Chess Open 2014"]
[Site "Las Vegas USA"]
[Date "2014.10.11"]
[Round "5.8"]
[White "Najer, Evgeniy"]
[Black "Ivanov, Alexander"]
[Result "1-0"]
[WhiteTitle "GM"]
[BlackTitle "GM"]
[WhiteElo "2635"]
[BlackElo "2508"]
[WhiteFideId "4118987"]
[BlackFideId "2000202"]
[EventDate "2014.10.09"]

1. d4 Nf6 2. c4 e6 3. Nf3 b6 4. g3 Bb7 5. Bg2 Be7 6. O-O O-O 7. Re1 Na6 8. Nc3
Ne4 9. Bf4 Nxc3 10. bxc3 Be4 11. Bf1 d6 12. Nd2 Bb7 13. e4 Nb8 14. h4 Nd7 15.
Bh3 e5 16. Be3 Re8 17. f3 Nf8 18. Bf2 Bc8 19. Bg2 g6 20. Nf1 Bd7 21. Ne3 Bf6 22.
Qd2 Bg7 23. Rad1 Ba4 24. Rb1 h5 25. f4 Bc6 26. fxe5 dxe5 27. d5 Bd7 28. c5 Bh6
29. Qb2 bxc5 30. Qa3 f5 31. exf5 gxf5 32. Qxc5 Rb8 33. Rxb8 Qxb8 34. Bf3 Qb6 35.
Nc4 Qxc5 36. Bxc5 e4 37. Bxh5 Rb8 38. Ne5 Ba4 39. Rf1 Nd7 40. Bf7+ Kg7 41. Nxd7
Bxd7 42. Be6 Bxe6 43. dxe6 Kf6 44. e7 Rg8 45. Rd1 Kf7 46. Rd5 f4 47. Rf5+ Ke8
48. Rf8+ Bxf8 49. exf8=Q+ Rxf8 50. Bxf8 Kxf8 51. gxf4 1-0

[Event "Millionaire Chess Open 2014"]
[Site "Las Vegas USA"]
[Date "2014.10.11"]
[Round "5.9"]
[White "Margvelashvili, Giorgi"]
[Black "Shankland, Samuel L"]
[Result "1/2-1/2"]
[WhiteTitle "GM"]
[BlackTitle "GM"]
[WhiteElo "2540"]
[BlackElo "2633"]
[WhiteFideId "13602926"]
[BlackFideId "2004887"]
[EventDate "2014.10.09"]

1. d4 d5 2. c4 e6 3. Nf3 Nf6 4. Bg5 dxc4 5. Qa4+ Nbd7 6. e3 c6 7. Qxc4 Qa5+ 8.
Nbd2 Ne4 9. Bf4 Bb4 10. Qc2 Nxd2 11. Nxd2 e5 12. dxe5 Nc5 13. Bc4 Bg4 14. f3 Rd8
15. O-O-O Be6 16. Ne4 Nxe4 17. Rxd8+ Qxd8 18. Qxe4 Qd2+ 19. Kb1 Qxg2 20. Rc1 Qg6
21. Qxg6 hxg6 22. Bxe6 fxe6 23. Rg1 Kf7 24. Rd1 Ke8 25. Rg1 Kf7 26. Rd1 Ke8 27.
Rg1 Kf7 1/2-1/2

[Event "Millionaire Chess Open 2014"]
[Site "Las Vegas USA"]
[Date "2014.10.11"]
[Round "5.10"]
[White "Shabalov, Alexander"]
[Black "Gareev, Timur"]
[Result "0-1"]
[WhiteTitle "GM"]
[BlackTitle "GM"]
[WhiteElo "2499"]
[BlackElo "2612"]
[WhiteFideId "2008572"]
[BlackFideId "14200937"]
[EventDate "2014.10.09"]

1. d4 Nf6 2. c4 e6 3. Nf3 b6 4. g3 Ba6 5. Qb3 Nc6 6. Nbd2 Na5 7. Qa4 Bb7 8. Bg2
c5 9. dxc5 bxc5 10. O-O Bd6 11. Rd1 O-O 12. Qc2 h6 13. b3 Be7 14. Bb2 d6 15. Ne1
Qc7 16. Bc3 Nc6 17. Ne4 Ne8 18. g4 Rc8 19. Nf3 Nb4 20. Qb1 Bxe4 21. Qxe4 Nf6 22.
Qf4 e5 23. Qd2 Ne4 24. Qb2 Nxc3 25. Qxc3 e4 26. Nd2 Bf6 27. Qg3 Be5 28. Qh3 e3
29. fxe3 Nc2 30. Rab1 Nxe3 31. Rdc1 Rce8 32. Bf3 Qa5 33. Ne4 Qxa2 34. Kh1 Re6
35. Rg1 g5 36. Nf2 Bd4 37. Qg3 Rb8 38. Ne4 Rxb3 0-1

[Event "Millionaire Chess Open 2014"]
[Site "Las Vegas USA"]
[Date "2014.10.11"]
[Round "5.11"]
[White "Fishbein, Alexander"]
[Black "Kacheishvili, Giorgi"]
[Result "1/2-1/2"]
[WhiteTitle "GM"]
[BlackTitle "GM"]
[WhiteElo "2472"]
[BlackElo "2597"]
[WhiteFideId "2000377"]
[BlackFideId "13600613"]
[EventDate "2014.10.09"]

1. e4 c5 2. Nf3 d6 3. d4 cxd4 4. Nxd4 Nf6 5. Nc3 Nc6 6. Be2 g6 7. Nb3 Bg7 8. O-O
O-O 9. Bg5 a6 10. f4 b5 11. Bf3 Nd7 12. Rb1 Bb7 13. Nd5 f6 14. Bh4 e6 15. Nc3 g5
16. Bf2 Qe7 17. g3 gxf4 18. gxf4 Bh6 19. Bg2 Kh8 20. Bh4 Rg8 21. Ne2 Rg4 22. Bg3
Rag8 23. Kh1 Nb6 24. Nbd4 Nb8 25. c3 N8d7 26. Nc2 Nc5 27. Ne3 Bxe4 28. Nxg4 Rxg4
29. Nd4 f5 30. Re1 Qb7 31. Rxe4 Nxe4 32. Nxe6 Nc4 33. Qd4+ Bg7 34. Nxg7 Qxg7 35.
Qxg7+ Kxg7 36. Bh3 Nxg3+ 37. hxg3 Rxg3 38. Bxf5 a5 39. Bd7 b4 40. cxb4 axb4 41.
Be6 Ne3 42. a4 bxa3 43. bxa3 Kf6 44. Bd7 Nd5 45. a4 Nxf4 46. Ra1 Nd3 47. a5 Nc5
48. Bb5 Rg7 49. a6 Ra7 50. Rd1 Ke6 51. Re1+ Kd5 52. Rd1+ Ke5 1/2-1/2

[Event "Millionaire Chess Open 2014"]
[Site "Las Vegas USA"]
[Date "2014.10.11"]
[Round "5.12"]
[White "Ghaem Maghami, Ehsan"]
[Black "Wan, Yunguo"]
[Result "1/2-1/2"]
[WhiteTitle "GM"]
[BlackTitle "IM"]
[WhiteElo "2594"]
[BlackElo "2489"]
[WhiteFideId "12500739"]
[BlackFideId "8603189"]
[EventDate "2014.10.09"]

1. d4 Nf6 2. c4 g6 3. Nc3 Bg7 4. e4 d6 5. Nf3 O-O 6. Be2 e5 7. Be3 Ng4 8. Bg5 f6
9. Bh4 Nc6 10. d5 Ne7 11. Nd2 Nh6 12. f3 c5 13. a3 b6 14. b4 Nf7 15. O-O f5 16.
Nb3 a6 17. Qd3 Qc7 18. Bf2 Bd7 19. Rfd1 Nc8 20. Rab1 f4 21. Nd2 Bf6 22. a4 a5
23. bxc5 dxc5 24. Nb5 Bxb5 25. d6 Qxd6 26. cxb5 Qxd3 27. Bxd3 Ncd6 28. Rbc1 Rfd8
29. Nb1 Ne8 30. Bc4 Rxd1+ 31. Rxd1 Rd8 32. Rxd8 Bxd8 33. Kf1 Kf8 34. Ke2 Bf6 35.
Kd3 Ke7 36. Nc3 Kf8 37. Bb3 Nfd6 38. Nd5 Bd8 39. Ba2 g5 40. g4 Nf6 41. Nxf6 Bxf6
42. h3 1/2-1/2

[Event "Millionaire Chess Open 2014"]
[Site "Las Vegas USA"]
[Date "2014.10.11"]
[Round "5.13"]
[White "Sadorra, Julio Catalino"]
[Black "Kadric, Denis"]
[Result "1/2-1/2"]
[WhiteTitle "GM"]
[BlackTitle "IM"]
[WhiteElo "2592"]
[BlackElo "2473"]
[WhiteFideId "5201268"]
[BlackFideId "14403803"]
[EventDate "2014.10.09"]

1. d4 d6 2. c4 g6 3. e4 Bg7 4. Nc3 Nf6 5. h3 O-O 6. Be3 e5 7. d5 a5 8. Nf3 Na6
9. Be2 Nd7 10. a3 Nb6 11. g4 Bd7 12. Nd2 Bf6 13. Nf3 Bg7 14. Nd2 Bf6 15. h4 Bxh4
16. Qc1 Bg5 17. Nb3 f6 18. Nxa5 Nc5 19. b4 Rxa5 20. bxa5 Nba4 21. Nxa4 Bxa4 22.
Rb1 Qa8 23. f3 Qxa5+ 24. Kf2 Nb3 25. Rxb3 Bxb3 26. Bxg5 fxg5 27. Qxg5 Ba4 28.
Rh6 Qb6+ 29. Kg2 Qb2 30. Rxg6+ hxg6 31. Qxg6+ 1/2-1/2

[Event "Millionaire Chess Open 2014"]
[Site "Las Vegas USA"]
[Date "2014.10.11"]
[Round "5.14"]
[White "Krush, Irina"]
[Black "Zhou, Jianchao"]
[Result "0-1"]
[WhiteTitle "GM"]
[BlackTitle "GM"]
[WhiteElo "2457"]
[BlackElo "2580"]
[WhiteFideId "2012782"]
[BlackFideId "8603537"]
[EventDate "2014.10.09"]

1. d4 Nf6 2. c4 e6 3. Nf3 b6 4. a3 Bb7 5. Nc3 d5 6. Bg5 Be7 7. Qa4+ Qd7 8. Qxd7+
Nbxd7 9. Nb5 Bd8 10. cxd5 Nxd5 11. Bxd8 Kxd8 12. e3 Ke7 13. Bd3 c5 14. Ke2 cxd4
15. Nbxd4 Nc5 16. Bb5 Rhc8 17. Ne5 f6 18. Nd3 a6 19. Bc4 Ne4 20. Bb3 g6 21. Nxe6
Kxe6 22. f3 Nc5 23. Nxc5+ Rxc5 24. e4 Ke5 25. exd5 Rb5 26. Bc4 Rxb2+ 27. Kd3 Kd6
28. Rhe1 Bxd5 29. Rad1 Rc8 30. Bxd5 Kxd5 31. Re7 Rcc2 32. Rd7+ Kc6 33. Rxh7 Rxg2
34. Rf7 Rb3+ 35. Ke4 f5+ 36. Kf4 g5+ 37. Ke5 Re3+ 38. Kd4 Rxf3 39. Rf6+ Kb5 40.
Rb1+ Ka4 41. Rfxb6 a5 42. Ra6 Rxh2 43. Rb4+ Kxa3 44. Kc5 Rc2+ 45. Kb5 Rb3 46.
Rxa5+ Kb2 47. Ra8 g4 48. Rg8 Rg2 49. Kc4 Rxb4+ 50. Kxb4 f4 51. Kc4 f3 52. Kd3 f2
53. Rb8+ Ka3 54. Ke2 g3 0-1

[Event "Millionaire Chess Open 2014"]
[Site "Las Vegas USA"]
[Date "2014.10.11"]
[Round "5.15"]
[White "Felgaer, Ruben"]
[Black "Berczes, David"]
[Result "0-1"]
[WhiteTitle "GM"]
[BlackTitle "GM"]
[WhiteElo "2577"]
[BlackElo "2471"]
[WhiteFideId "107069"]
[BlackFideId "722960"]
[EventDate "2014.10.09"]

1. e4 e6 2. d4 d5 3. Nc3 Nf6 4. Bg5 dxe4 5. Nxe4 Be7 6. Bxf6 gxf6 7. Nf3 f5 8.
Nc3 a6 9. g3 b5 10. Bg2 Bb7 11. O-O O-O 12. Qc1 b4 13. Ne2 c5 14. Rd1 Nd7 15.
Qh6 Bf6 16. dxc5 Bg7 17. Qf4 Qc8 18. Qxb4 Rb8 19. Qf4 Nxc5 20. Rab1 Be4 21. Qc1
Qb7 22. Ne1 Bxg2 23. Nxg2 Ne4 24. c3 Rfd8 25. Nd4 h6 26. h4 a5 27. Qe3 a4 28.
Ne1 a3 29. b3 Rbc8 30. c4 Qd7 31. Nxf5 exf5 32. Rxd7 Rxd7 33. Rc1 Bd4 34. Qe2
Bxf2+ 35. Kg2 Bxg3 36. Nf3 Rcd8 37. Kh3 Bf4 38. Rg1+ Kf8 39. c5 Rd3 40. Kg2 Rc3
41. Rd1 Re8 42. Rd3 Rc1 43. Rd4 Nc3 0-1

[Event "Millionaire Chess Open 2014"]
[Site "Las Vegas USA"]
[Date "2014.10.11"]
[Round "5.16"]
[White "Xiong, Jeffery"]
[Black "Ramirez, Alejandro"]
[Result "1/2-1/2"]
[WhiteTitle "IM"]
[BlackTitle "GM"]
[WhiteElo "2470"]
[BlackElo "2574"]
[WhiteFideId "2047640"]
[BlackFideId "6500617"]
[EventDate "2014.10.09"]

1. e4 e5 2. Nf3 Nc6 3. Bb5 g6 4. Bxc6 dxc6 5. d3 Bg7 6. Nbd2 Ne7 7. Nc4 f6 8. b4
Be6 9. Bb2 Qd7 10. Nfd2 O-O 11. Qe2 Nc8 12. O-O Nd6 13. Na5 Rae8 14. Nab3 Qf7
15. a4 a6 16. c4 Rd8 17. Na5 Bc8 18. c5 Ne8 19. Ndc4 Bh6 20. Rad1 Ng7 21. d4
exd4 22. Bxd4 Rde8 23. Qc2 Ne6 24. Bb2 f5 25. exf5 Qxf5 26. Qxf5 Rxf5 27. Rde1
Kf8 28. Be5 Bf4 29. Bxf4 Nxf4 30. Rxe8+ Kxe8 31. Re1+ Kf8 32. Ne5 Nd5 33. Nd3
Nc3 34. Re5 Rxe5 35. Nxe5 Nxa4 36. f3 Nc3 37. Nd3 Nd5 38. g4 Ke7 39. Kf2 Kf6 40.
h3 b6 41. Nxc6 Bd7 42. Nde5 Bxc6 43. Nxc6 bxc5 44. bxc5 Nf4 45. Ke3 Nxh3 46. Nb4
a5 47. Nd5+ Ke5 48. Nxc7 a4 49. Nb5 Nf4 50. g5 Nd5+ 51. Kd3 Ne7 52. Nc3 a3 53.
Kc2 Kf4 1/2-1/2

[Event "Millionaire Chess Open 2014"]
[Site "Las Vegas USA"]
[Date "2014.10.11"]
[Round "5.17"]
[White "Holt, Conrad"]
[Black "Brendel, Oliver"]
[Result "1-0"]
[WhiteTitle "GM"]
[BlackTitle "IM"]
[WhiteElo "2571"]
[BlackElo "2359"]
[WhiteFideId "2034387"]
[BlackFideId "4602048"]
[EventDate "2014.10.09"]

1. d4 Nf6 2. c4 g6 3. Nc3 d5 4. Nf3 Bg7 5. Qb3 dxc4 6. Qxc4 O-O 7. e4 Nc6 8. h3
Nd7 9. Be3 Nb6 10. Qc5 f5 11. e5 a5 12. Rc1 Nb4 13. Bg5 Re8 14. a3 N4d5 15. Bd3
c6 16. Ne2 Rf8 17. h4 f4 18. Qc2 Bf5 19. h5 Qd7 20. hxg6 hxg6 21. Nh4 Bxd3 22.
Qxd3 Qe6 23. Nxg6 Rf5 24. Ngxf4 Nxf4 25. Nxf4 Rxf4 26. Bxf4 1-0

[Event "Millionaire Chess Open 2014"]
[Site "Las Vegas USA"]
[Date "2014.10.11"]
[Round "5.19"]
[White "Thorfinnsson, Bjorn"]
[Black "Azarov, Sergei"]
[Result "0-1"]
[WhiteTitle "IM"]
[BlackTitle "GM"]
[WhiteElo "2389"]
[BlackElo "2639"]
[WhiteFideId "2300982"]
[BlackFideId "13501470"]
[EventDate "2014.10.09"]

1. Nf3 d5 2. g3 c6 3. Bg2 Bg4 4. c4 e6 5. Qb3 Qb6 6. d4 Nd7 7. c5 Qxb3 8. axb3
e5 9. e3 Bxf3 10. Bxf3 g6 11. Bd2 Bg7 12. Bc3 Ne7 13. O-O h5 14. b4 a6 15. Na3
e4 16. Be2 Rd8 17. Nc2 h4 18. g4 f5 19. gxf5 gxf5 20. Kh1 Kf7 21. Rg1 Nf6 22.
Rg2 Bh6 23. f4 exf3 24. Bxf3 Rdg8 25. Rag1 Rxg2 26. Rxg2 h3 27. Rg3 Bxe3 28.
Nxe3 f4 29. Rg5 fxe3 30. Re5 Ne4 31. Bxe4 dxe4 32. d5 Nxd5 33. Be1 Rg8 34. Bg3
Nf6 0-1

[Event "Millionaire Chess Open 2014"]
[Site "Las Vegas USA"]
[Date "2014.10.11"]
[Round "5.20"]
[White "Arngrimsson, Dagur"]
[Black "Ortiz Suarez, Isan Reynaldo"]
[Result "1/2-1/2"]
[WhiteTitle "IM"]
[BlackTitle "GM"]
[WhiteElo "2376"]
[BlackElo "2611"]
[WhiteFideId "2301288"]
[BlackFideId "3507165"]
[EventDate "2014.10.09"]

1. d4 Nf6 2. c4 e6 3. Nc3 c5 4. d5 exd5 5. cxd5 d6 6. g3 g6 7. Bg2 Bg7 8. Nf3
O-O 9. O-O Re8 10. Bf4 a6 11. a4 h6 12. Re1 g5 13. Bc1 Nbd7 14. Qc2 Rb8 15. Rb1
b5 16. axb5 axb5 17. b4 Qc7 18. Nd1 Nb6 19. bxc5 Nbxd5 20. e4 Ne7 21. Bb2 Nh5
22. Bxg7 Kxg7 23. Rxb5 Rxb5 24. Qa4 Qxc5 25. Bf1 Bd7 26. Bxb5 Bxb5 27. Qa1+ f6
28. Ne3 Rc8 29. Nd4 Bd7 30. Rd1 Rc7 31. Qa8 Bc8 32. Qa4 1/2-1/2

[Event "Millionaire Chess Open 2014"]
[Site "Las Vegas USA"]
[Date "2014.10.11"]
[Round "5.22"]
[White "Pakleza, Zbigniew"]
[Black "Felecan, Florin"]
[Result "1-0"]
[WhiteTitle "IM"]
[BlackTitle "IM"]
[WhiteElo "2509"]
[BlackElo "2355"]
[WhiteFideId "1119290"]
[BlackFideId "2016230"]
[EventDate "2014.10.09"]

1. d4 d6 2. Nf3 g6 3. Bf4 Bg7 4. e3 Nd7 5. h3 e5 6. Bh2 Ne7 7. Be2 O-O 8. O-O
Nf5 9. Bd3 Qf6 10. c3 Re8 11. Nbd2 h5 12. Qa4 Qe7 13. Rfd1 Nh6 14. Be2 e4 15.
Ne1 Nf5 16. Nc2 Nf8 17. Re1 Bh6 18. Bb5 c6 19. Bf1 Nh7 20. Qa3 Bf8 21. Rad1 Qg5
22. Qa5 Qh4 23. d5 c5 24. Qa4 Nf6 25. Bb5 Rd8 26. Bg3 Nxg3 27. Nf3 exf3 28. Qxh4
Nge4 29. Qf4 g5 30. Qxf3 Bh6 31. Qe2 g4 32. hxg4 hxg4 33. Bd3 Kh8 34. g3 Bf5 35.
Kg2 Kg7 36. Rh1 Rh8 37. Na3 a6 38. Nc4 Rae8 39. Nd2 Bg6 40. Nxe4 Rxe4 41. Kg1
Rhe8 42. a4 Bg5 43. a5 Nd7 44. Bxe4 Rxe4 45. b4 cxb4 46. Rd4 Ne5 47. Rxe4 Bxe4
48. cxb4 f5 49. b5 Bxd5 50. bxa6 bxa6 51. Qxa6 Nf3+ 52. Kf1 Bc4+ 53. Qxc4 Nd2+
54. Ke2 Nxc4 55. a6 Nb6 56. Rb1 Bd8 57. a7 1-0

[Event "Millionaire Chess Open 2014"]
[Site "Las Vegas USA"]
[Date "2014.10.11"]
[Round "5.25"]
[White "Chandra, Akshat"]
[Black "Pourkashiyan, Atousa"]
[Result "1-0"]
[WhiteTitle "IM"]
[BlackTitle "WGM"]
[WhiteElo "2488"]
[BlackElo "2332"]
[WhiteFideId "25006711"]
[BlackFideId "12502014"]
[EventDate "2014.10.09"]

1. e4 e5 2. Nf3 Nf6 3. Nxe5 d6 4. Nf3 Nxe4 5. Nc3 Nxc3 6. dxc3 Be7 7. Be3 Nc6 8.
Qd2 Be6 9. O-O-O Qd7 10. h4 h6 11. Nd4 Bf6 12. Nxe6 fxe6 13. g3 O-O-O 14. Bh3
Kb8 15. Qe2 Rde8 16. Kb1 a6 17. c4 g5 18. h5 Na5 19. Qd3 Qa4 20. b3 Qa3 21. Bc1
Qc5 22. c3 Nc6 23. Be3 Qe5 24. Kb2 Qa5 25. a3 d5 26. cxd5 exd5 27. b4 Qa4 28.
Qxd5 a5 29. Qb3 Qb5 30. Rd5 Qe2+ 31. Rd2 Qb5 32. Bf1 Qe5 33. Bg2 Qb5 34. Rd5
Qe2+ 35. Rd2 Qb5 36. Rd5 Qe2+ 37. Qc2 Qg4 38. Rf5 Bxc3+ 39. Kxc3 axb4+ 40. Kb3
Nd4+ 41. Bxd4 Qxd4 42. Rb5 c6 43. Rxb4 Ka8 44. Rxb7 1-0

[Event "Millionaire Chess Open 2014"]
[Site "Las Vegas USA"]
[Date "2014.10.11"]
[Round "5.28"]
[White "Abel, Dennes"]
[Black "Rojas Sepulveda, Eduardo"]
[Result "1-0"]
[BlackTitle "FM"]
[WhiteElo "2446"]
[BlackElo "2311"]
[WhiteFideId "24605417"]
[BlackFideId "3400166"]
[EventDate "2014.10.09"]

1. d4 Nf6 2. c4 e6 3. Nc3 d5 4. cxd5 exd5 5. Bg5 Be7 6. e3 c6 7. Bd3 Bg4 8. Qb3
Qb6 9. Qc2 Nbd7 10. Nge2 Bxe2 11. Bxe2 Bd6 12. Bh4 h6 13. Bg3 Bxg3 14. hxg3
O-O-O 15. a3 Kb8 16. b4 Rhe8 17. O-O Qc7 18. Rfc1 Rc8 19. Na4 Qd6 20. Nc5 Nxc5
21. bxc5 Qe6 22. Rab1 Ne4 23. Rb3 Rc7 24. Rcb1 Kc8 25. R1b2 Ree7 26. Qb1 Red7
27. a4 Qf6 28. Bg4 1-0

[Event "Millionaire Chess Open 2014"]
[Site "Las Vegas USA"]
[Date "2014.10.11"]
[Round "5.29"]
[White "Schmakel, Sam A"]
[Black "Kjartansson, Gudmundur"]
[Result "0-1"]
[WhiteTitle "FM"]
[BlackTitle "IM"]
[WhiteElo "2305"]
[BlackElo "2439"]
[WhiteFideId "2039311"]
[BlackFideId "2301318"]
[EventDate "2014.10.09"]

1. d4 d5 2. c4 e6 3. Nf3 Nf6 4. Nc3 c6 5. Bg5 h6 6. Bxf6 Qxf6 7. e3 Nd7 8. Bd3
Bd6 9. O-O dxc4 10. Bxc4 O-O 11. h3 Qe7 12. e4 e5 13. d5 Nb6 14. Bb3 Rd8 15. Qe2
Bd7 16. Rfd1 Rac8 17. Rac1 Bc5 18. dxc6 Bxc6 19. g3 Rxd1+ 20. Rxd1 Bd7 21. Kg2
Be6 22. Bxe6 Qxe6 23. Nd5 g6 24. Nxb6 Bxb6 25. b3 Rc5 26. Qd2 Qc6 27. Qd3 Rc3
28. Qd5 Rxf3 29. Kxf3 Qf6+ 30. Ke2 Qxf2+ 31. Kd3 Bd4 32. Rd2 Qxg3+ 33. Kc2 Qc3+
34. Kd1 Qxh3 35. Rc2 h5 36. Rc7 Qf3+ 37. Kd2 Qf6 38. Qxb7 h4 39. Rc8+ Kg7 40.
Ra8 Qf2+ 41. Kd3 h3 42. Qb8 Qe3+ 43. Kc4 Qc3+ 44. Kb5 Qc5+ 45. Ka4 Qc6+ 46. Ka3
Qa6+ 0-1

[Event "Millionaire Chess Open 2014"]
[Site "Las Vegas USA"]
[Date "2014.10.11"]
[Round "5.30"]
[White "Williams, Justus D"]
[Black "Milman, Lev"]
[Result "0-1"]
[WhiteTitle "FM"]
[BlackTitle "IM"]
[WhiteElo "2296"]
[BlackElo "2427"]
[WhiteFideId "2049929"]
[BlackFideId "2020050"]
[EventDate "2014.10.09"]

1. Nf3 d5 2. c4 d4 3. e3 c5 4. b4 Nf6 5. exd4 cxd4 6. Bb2 Bg4 7. Qa4+ Nbd7 8.
Nxd4 e5 9. Nb3 Be7 10. h3 Bh5 11. c5 O-O 12. Bb5 a5 13. Nxa5 Nxc5 14. bxc5 Rxa5
15. Qc4 Bg6 16. O-O Rxb5 17. Qxb5 Bd3 18. Qb3 Bxf1 19. Kxf1 Bxc5 20. Bxe5 Re8
21. Bb2 Ne4 22. Qf3 Bxf2 23. d3 Bd4 0-1

[Event "Millionaire Chess Open 2014"]
[Site "Las Vegas USA"]
[Date "2014.10.11"]
[Round "5.31"]
[White "Viswanadha, Kesav"]
[Black "Yanayt, Eugene"]
[Result "1-0"]
[WhiteTitle "FM"]
[BlackTitle "FM"]
[WhiteElo "2424"]
[BlackElo "2257"]
[WhiteFideId "2059533"]
[BlackFideId "2020165"]
[EventDate "2014.10.09"]

1. d4 Nf6 2. c4 g6 3. g3 Bg7 4. Bg2 O-O 5. Nc3 d6 6. Nf3 c5 7. O-O Nc6 8. dxc5
dxc5 9. Be3 Be6 10. Qa4 Qa5 11. Qxa5 Nxa5 12. Bxc5 Nd7 13. Bd4 Nxc4 14. Bxg7
Kxg7 15. Nd4 Rab8 16. Nxe6+ fxe6 17. Nb5 a6 18. Nd4 Rf6 19. Rfc1 Nxb2 20. Rc7 e5
21. Rxd7 exd4 22. Rxd4 Rb6 23. Rc1 Rb5 24. Rc2 h6 25. Be4 Kf6 26. e3 a5 27. a3
g5 28. Bf3 Rb3 29. Bd5 Rb5 30. Ba2 Ra8 31. h4 Ra6 32. a4 Rbb6 33. h5 Ra8 34. Kg2
Rf8 35. g4 Kg7 36. Kg3 Kh8 37. f4 gxf4+ 38. exf4 Kg7 39. Re2 Kf6 40. Kh4 Rc8 41.
g5+ Kf5 42. Re5# 1-0